Radioactive Isotopes in Clinical Medicine and Research

Bibliographic Details
Main Authors: Borovanský, Alois, 1922-2019 (Author), Bergmann, H. (Author), Sinzinger, H. (Author)
Format: Article
Language:Slovak
ISSN:0014-8172
Subjects:

MARC

LEADER 00000nab a2200000 a 4500
001 vtls000593419
003 SK-MaSNL
005 20260304174555.0
008 250425c1996 xo 0 slo
015 |a SNBRB19rr/mm-uuuuu 
035 |a CL0593558 
035 |a urn:nbn:sk:snk-ab1prh 
035 |a (urnnbn)urn:nbn:sk:snk:ar-004weq 
035 |a (uuid)9e0a243c-b7dc-4c38-a19f-5f0d75dcb4a4 
040 |a SNKBUCL  |b slo  |c SNKBUCL  |e AACR2 
041 0 |a slo 
044 |a xo  |c SK 
080 |a 615.849.2:616  |2 1981 
080 |a 616  |2 1981 
100 1 |a Borovanský, Alois,  |d 1922-2019  |4 aut  |9 224490 
245 1 0 |a Radioactive Isotopes in Clinical Medicine and Research  |c A. Borovanský 
650 0 7 |a klinická medicína  |2 snkbucl  |9 907 
650 0 7 |a izotopy rádioaktívne  |2 snkbucl  |9 1506043 
655 7 |a články z novín a časopisov  |2 snkbucl  |9 267496 
700 1 |a Bergmann, H.  |4 aut  |9 361600 
700 1 |a Sinzinger, H.  |4 aut  |9 1506044 
773 0 |t Farmaceutický obzor  |g Roč. 65, č. 7-8 (1996), s. 220  |x 0014-8172 
787 0 8 |i Rec.:  |a Bergmann, H.  |t Radioactive Isotopes in Clinical Medicine and Research  |d Basel-Boston-Berlin : Birkhäuser Verlag, 1995 
850 |a Slovenská národná knižnica 
852 |a Slovenská národná knižnica 
954 |a odborná, vedecká literatúra pôvodná (slovenská)  |2 lita 
958 |a article27 
958 |a OND 
958 |a RK 
958 |a MI 
958 |a EUIPO 
992 |a RBX 
999 |c 3009421  |d 3011351